Inside out & back again / (Record no. 4276)
[ view plain ]
| 000 -LEADER | |
|---|---|
| fixed length control field | 00915cam a2200265 4500 |
| 001 - CONTROL NUMBER | |
| control field | 5111 |
| 005 - DATE AND TIME OF LATEST TRANSACTION | |
| control field | 20181127174816.0 |
| 008 - FIXED-LENGTH DATA ELEMENTS--GENERAL INFORMATION | |
| fixed length control field | 100329s2011 nyu c 000 1 eng |
| 010 ## - LIBRARY OF CONGRESS CONTROL NUMBER | |
| LC control number | 2010007855 |
| 020 ## - INTERNATIONAL STANDARD BOOK NUMBER | |
| International Standard Book Number | 9780061962790 |
| 100 1# - MAIN ENTRY--PERSONAL NAME | |
| Personal name | Lai, Thanhha. |
| 245 10 - TITLE STATEMENT | |
| Title | Inside out & back again / |
| Statement of responsibility, etc. | Thanhha Lai. |
| 246 3# - VARYING FORM OF TITLE | |
| Title proper/short title | Inside out and back again |
| 250 ## - EDITION STATEMENT | |
| Edition statement | 1st ed. |
| 260 ## - PUBLICATION, DISTRIBUTION, ETC. | |
| Place of publication, distribution, etc. | New York : |
| Name of publisher, distributor, etc. | Harper, |
| Date of publication, distribution, etc. | 2011. |
| 300 ## - PHYSICAL DESCRIPTION | |
| Extent | 262 p. ; |
| Dimensions | 22 cm. |
| 520 ## - SUMMARY, ETC. | |
| Summary, etc. | Through a series of poems, a young girl chronicles the life-changing year of 1975, when she, her mother, and her brothers leave Vietnam and resettle in Alabama. |
| 521 1# - TARGET AUDIENCE NOTE | |
| Target audience note | Ages 8-12. |
| 650 #1 - SUBJECT ADDED ENTRY--TOPICAL TERM | |
| Topical term or geographic name entry element | Emigration and immigration |
| Form subdivision | Fiction. |
| Topical term or geographic name entry element | Immigrants |
| Form subdivision | Fiction. |
| Topical term or geographic name entry element | Novels in verse. |
| Topical term or geographic name entry element | Vietnamese Americans |
| Form subdivision | Fiction. |
| 651 #1 - SUBJECT ADDED ENTRY--GEOGRAPHIC NAME | |
| Geographic name | Alabama |
| General subdivision | History |
| Chronological subdivision | 1951- |
| Form subdivision | Fiction. |
| Geographic name | Vietnam |
| Form subdivision | History |
| Chronological subdivision | 1971-1980 |
| Form subdivision | Fiction. |
| Withdrawn status | Lost status | Source of classification or shelving scheme | Damaged status | Not for loan | Collection code | Home library | Current library | Shelving location | Date acquired | Serial Enumeration / chronology | Inventory number | Total Checkouts | Total Renewals | Full call number | Barcode | Date last seen | Date last checked out | Price effective from | Koha item type |
|---|---|---|---|---|---|---|---|---|---|---|---|---|---|---|---|---|---|---|---|
| Dewey Decimal Classification | Fiction | RTC Library | RTC Library | Fiction | 24/05/2021 | 8363 | 11 | 3 | FIC 813.54 LAI | 30009606 | 21/03/2026 | 11/03/2026 | 27/11/2018 | Fiction |